000 00368cam a22001337a 4500
008 180718b1985 xxu||||| |||| 00| 0 eng d
020 _a085229428X
082 _aA31 En19/85 R
245 _aBritannica Book of the Year, 1985
260 _aChicago
_bEncyclopaedia Britannica
_c1985
300 _a990p.
650 _aYearbook
700 _aBritannica Book of the Year,1985
999 _c436771
_d436771